000 00372nam a2200133Ia 4500
005 20260326235450.0
008 260326s9999||||xx |||||||||||||| ||und||
100 _aRichardson, Vicky
245 0 _aVanguardia y Tradición :
_b La Reinterpretación de la Arquitectura /
_cVicky Richardson
260 _bBlume
300 _a240 p.
650 _aARQUITECTURA CIVIL
942 _cBK
999 _c7727
_d7727